[Event "Moscow op-B"]
[Site "Moscow"]
[Date "2009.11.20"]
[Round "1"]
[White "Emdin, Mark"]
[Black "Klimovets, Kirill"]
[Result "0-1"]
[WhiteElo "1885"]
[BlackElo "2183"]
[PlyCount "68"]
[EventDate "2009.01.31"]
[EventType "swiss"]
[EventRounds "9"]
[EventCountry "RUS"]
[SourceTitle "EXT 2012"]
[Source "ChessBase"]
[SourceDate "2011.11.24"]
[SourceVersion "1"]
[SourceVersionDate "2011.11.24"]
[SourceQuality "1"]

1. e4 c5 2. Nf3 d6 3. Bc4 Nf6 4. e5 dxe5 5. Nxe5 e6 6. Qe2 Bd6 7. b3 a6 8. a4 0-0 9. Bb2 Nbd7 10. 0-0 Qc7 11. f4 Nd5 12. Bxd5 exd5 13. Nxd7 Bxd7 14. Qh5 d4 15. f5 f6 16. d3 Rae8 17. Nd2 Bc6 18. Rae1 Bf4 19. Bc1 Be3+ 20. Kh1 b5 21. axb5 axb5 22. Re2 Qb7 23. Qg4 Re5 24. Nf3 Bxf3 25. Rxf3 Bxc1 26. Rxe5 fxe5 27. f6 Bf4 28. fxg7 Qxg7 29. Qe6+ Kh8 30. Qd5 Qe7 31. g3 Bh6 32. Rxf8+ Bxf8 33. h4 Qf6 34. Kg2 b4 0-1

[Event "Zvenigorod Autumn op-B"]
[Site "Zvenigorod"]
[Date "2008.09.29"]
[Round "8"]
[White "Kalmykova, Anastasia"]
[Black "Klimovets, Kirill"]
[Result "1-0"]
[WhiteElo "2093"]
[BlackElo "2191"]
[PlyCount "109"]
[EventDate "2008.09.25"]
[EventType "swiss"]
[EventRounds "9"]
[EventCountry "RUS"]
[SourceTitle "EXT 2022"]
[Source "ChessBase"]
[SourceDate "2021.10.06"]
[SourceVersion "1"]
[SourceVersionDate "2021.10.06"]
[SourceQuality "1"]

1. e4 c5 2. Nf3 d6 3. c3 Nf6 4. Bd3 g6 5. Bc2 Bg7 6. d4 cxd4 7. cxd4 0-0 8. Nc3 Nc6 9. h3 e5 10. dxe5 dxe5 11. Qxd8 Rxd8 12. Bg5 Be6 13. Ba4 h6 14. Bxc6 bxc6 15. Be3 Nh5 16. 0-0 f5 17. exf5 gxf5 18. Rfd1 a6 19. Bc5 Bd5 20. Nh4 Be6 21. Ng6 Kf7 22. Nh4 Nf4 23. Ba3 Bf6 24. Nf3 e4 25. Ne1 Bxc3 26. bxc3 Ne2+ 27. Kh2 Nxc3 28. Rdc1 Nb5 29. Bc5 Rac8 30. Nc2 Bd5 31. a4 Nd6 32. Nd4 f4 33. Rc2 Kf6 34. Rac1 Nf5 35. Nxf5 Kxf5 36. g3 f3 37. g4+ Kg6 38. a5 Re8 39. Kg3 Re6 40. Rb2 Ra8 41. Rb7 Ree8 42. Rcb1 Bf7 43. h4 Kf6 44. R1b6 Bd5 45. Bd4+ Ke6 46. Rh7 Kd6 47. Rxh6+ Be6 48. Rh5 Bd5 49. Rf5 Kc7 50. h5 Rg8 51. h6 Be6 52. Rf4 Raf8 53. Rxe4 Bd5 54. Re7+ Kd6 55. Rg7 1-0

[Event "Zvenigorod Autumn op-B"]
[Site "Zvenigorod"]
[Date "2008.09.29"]
[Round "7"]
[White "Klimovets, Kirill"]
[Black "Palkovich, Denis"]
[Result "0-1"]
[WhiteElo "2191"]
[BlackElo "2226"]
[PlyCount "80"]
[EventDate "2008.09.25"]
[EventType "swiss"]
[EventRounds "9"]
[EventCountry "RUS"]
[SourceTitle "EXT 2022"]
[Source "ChessBase"]
[SourceDate "2021.10.06"]
[SourceVersion "1"]
[SourceVersionDate "2021.10.06"]
[SourceQuality "1"]

1. e4 e5 2. Nf3 Nc6 3. Bc4 Nf6 4. d3 Be7 5. 0-0 0-0 6. a3 d6 7. h3 Be6 8. Bxe6 fxe6 9. Bg5 Qe8 10. c3 h6 11. Bxf6 Bxf6 12. Nbd2 Ne7 13. Qb3 Qd7 14. d4 Ng6 15. Rad1 exd4 16. cxd4 d5 17. Rfe1 c6 18. exd5 exd5 19. Ne4 Be7 20. Re3 Kh8 21. Ned2 Bd6 22. Rde1 b6 23. Qc2 Nf4 24. Ne5 Bxe5 25. Rxe5 c5 26. Qc3 Rf6 27. Nf1 Raf8 28. Re7 Qf5 29. R7e3 Nxg2 30. Kxg2 Qxf2+ 31. Kh1 cxd4 32. Qxd4 Rg6 33. Qg4 Rxg4 34. hxg4 Qh4+ 35. Kg2 Rf2+ 36. Kg1 Rxb2 37. Rg3 d4 38. Re8+ Kh7 39. g5 hxg5 40. Re5 Qf4 0-1

[Event "Zvenigorod Autumn op-B"]
[Site "Zvenigorod"]
[Date "2008.09.25"]
[Round "2"]
[White "Volkov, Sergei"]
[Black "Klimovets, Kirill"]
[Result "1/2-1/2"]
[WhiteElo "2256"]
[BlackElo "2191"]
[PlyCount "77"]
[EventDate "2008.09.25"]
[EventType "swiss"]
[EventRounds "9"]
[EventCountry "RUS"]
[SourceTitle "EXT 2022"]
[Source "ChessBase"]
[SourceDate "2021.10.06"]
[SourceVersion "1"]
[SourceVersionDate "2021.10.06"]
[SourceQuality "1"]

1. d4 Nf6 2. Nf3 e6 3. Bf4 c5 4. c3 Nc6 5. e3 Qb6 6. Qb3 d5 7. h3 h6 8. Nbd2 Be7 9. Be2 0-0 10. 0-0 Bd7 11. Rad1 Rac8 12. Ne5 Nxe5 13. Bxe5 Bc6 14. Qxb6 axb6 15. a3 Nd7 16. Bg3 Rfe8 17. Kh2 Bf6 18. f4 Be7 19. Nf3 f5 20. Be1 Nf6 21. Ne5 Bd6 22. g4 fxg4 23. hxg4 Bxe5 24. dxe5 Ne4 25. Bf3 Rcd8 26. Bh4 Ra8 27. Bxe4 dxe4 28. Rd6 b5 29. Rfd1 Bd5 30. Rd2 Ra4 31. f5 b4 32. cxb4 cxb4 33. axb4 Rxb4 34. f6 Bc6 35. Be1 Rb5 36. Rf2 gxf6 37. exf6 Kf7 38. Bc3 Rg8 39. Rf4 1/2-1/2